LEADER 04019nam 2200601Ia 450 001 9910437999703321 005 20200520144314.0 010 $a3-642-36324-5 024 7 $a10.1007/978-3-642-36324-5 035 $a(CKB)3280000000020564 035 $a(EBL)1317188 035 $a(SSID)ssj0000904306 035 $a(PQKBManifestationID)11479094 035 $a(PQKBTitleCode)TC0000904306 035 $a(PQKBWorkID)10920120 035 $a(PQKB)10745341 035 $a(DE-He213)978-3-642-36324-5 035 $a(MiAaPQ)EBC1317188 035 $a(PPN)170490823 035 $a(EXLCZ)993280000000020564 100 $a20130314d2013 uy 0 101 0 $aeng 135 $aur|n|---||||| 181 $ctxt 182 $cc 183 $acr 200 00$aOphthalmology and the ageing society /$fHendrik P.N. Scholl, Robert W. Massof, Sheila West, editors 205 $a1st ed. 2013. 210 $aHeidelberg $cSpringer$d2013 215 $a1 online resource (229 p.) 225 0 $aEssentials in ophthalmology 300 $aDescription based upon print version of record. 311 $a3-642-36323-7 320 $aIncludes bibliographical references and index. 327 $aOphthalmic Disease of the Ageing Society. Epidemiology of Eye Diseases in Older Populations: Blindness and Visual Impairment: Global Perspective -- Blindness and visual impairment: High income countries. Genetics, Gene-Environment Interactions and Prophylaxis: Cataract, Age-related Macular Degeneration and Primary Open Angle Glaucoma: Risk Factors -- Age-related Macular Degeneration and Primary Open-angle Glaucoma: Genetics and Gene-Environment Interaction -- Preventive Therapies for Age Related Macular Degeneration: Current Guidelines. Current Treatment of the Major Eye Diseases of the Elderly: Innovations in Cataract surgery -- Neovascular Age-Related Macular Degeneration: Rationale for Current Treatment Guidelines -- Dry Eye Syndrome in the elderly: challenges and treatment options. The Impact of Visual Disability on Daily Life in Older Populations:  Cataract and diabetic retinopathy: Impact on quality of life -- Glaucoma and Quality of Life -- Impact of early and late age-related macular degeneration on quality of life -- Vision and Driving Performance in Elderly -- Depressive and Cognitive Disorders in Patients with AMD -- Visual Disability in the Elderly: Implications for Visual Rehabilitation. 330 $aThe ageing of the world?s population is one of the major achievements of modern society. By 2050, an estimated 2 billion people will be aged 60 years or over. However, ageing poses major challenges and this is especially true for the field of ophthalmology, given that the major eye diseases ? age-related macular degeneration, glaucoma, and cataract ? predominantly affect the elderly.   The challenges facing ophthalmology in an ageing society have not previously been addressed in a comprehensive way, although there are common denominators of the various eye diseases that affect the elderly. This book provides such a comprehensive overview encompassing epidemiology, risk factors, current treatment and prophylaxis, disability, co-morbidity, and the impact on quality of life.   World leaders in their respective fields provide state-of-the-art knowledge on the geriatric aspects of ophthalmology that will help to improve the management of this growing patient population. 410 0$aEssentials in Ophthalmology,$x1612-3212 517 3 $aOphthalmology and the aging society 606 $aOphthalmology 606 $aGeriatric ophthalmology 615 0$aOphthalmology. 615 0$aGeriatric ophthalmology. 676 $a618.9777 701 $aScholl$b Hendrik P. N$01758439 701 $aMassof$b Robert W$01758440 701 $aWest$b Sheila$f1955-$01758441 801 0$bMiAaPQ 801 1$bMiAaPQ 801 2$bMiAaPQ 906 $aBOOK 912 $a9910437999703321 996 $aOphthalmology and the ageing society$94196643 997 $aUNINA LEADER 01897oam 2200529 c 450 001 9910563030803321 005 20250204185819.0 024 7 $a10.3726/b12665 035 $a(CKB)4340000000238755 035 $a(oapen)https://directory.doabooks.org/handle/20.500.12854/27587 035 $a(PH02)9783954792399 035 $a(oapen)doab27587 035 $a(EXLCZ)994340000000238755 100 $a20240525d1986 uy 0 101 0 $ager 135 $aurnnunnnannuu 181 $ctxt$2rdacontent 182 $cc$2rdamedia 183 $acr$2rdacarrier 200 10$aAnalytic Modality in Macedonian$fChristina Elizabeth Kramer 205 $a1st, New ed. 210 $aFrankfurt a.M$cPH02$d1986 215 $a1 online resource (177 p.)$c, EPDF 225 0 $aSlavistische Beitra?ge$v198 300 $aPeter Lang GmbH, Internationaler Verlag der Wissenschaften 311 08$a9783954792399 311 08$a3954792397 327 $aIntroduction - DA - NEKA - KE - BI - AKO, DOKOLKU, and LI - DODEKA and DURI - Conclusion 330 $aIn der Reihe Slavistische Beitra?ge werden vor allem slavistische Dissertationen des deutschsprachigen Raums sowie vereinzelt auch amerikanische, englische und russische publiziert. Daru?ber hinaus stellt die Reihe ein Forum fu?r Sammelba?nde und Monographien etablierter Wissenschafter/innen dar. 606 $alinguistics$2bicssc 610 $aAnalytic 610 $aKramer 610 $aLinguistik 610 $aLiteraturwissenschaft 610 $aMacedonian 610 $aMazedonien 610 $aModality 610 $aPhilologie 610 $aSprachwissenschaft 615 7$alinguistics 700 $aKramer$b Christina Elizabeth$c(Professor)$4aut$0862502 801 0$bPH02 801 1$bPH02 906 $aBOOK 912 $a9910563030803321 996 $aAnalytic Modality in Macedonian$93030464 997 $aUNINA